000 00655nam a2200229Ia 4500
003 GCL
008 140319s9999 xx 000 0 ara d
040 _aGCL /
_cGCL
082 0 4 _a350.5315
_bم د
100 1 _aعبدالمنعم الحفنى
245 1 0 _aدور الادب والفن فى الاشتراكية /
_cعبدالمنعم الحفنى
700 1 _aماركس, كارل
300 _a190 ص
490 _a
650 0 4 _aالماركسية
650 0 4 _aالادب
650 0 4 _aالفن
650 0 4 _aالسياسة - نظريات
650 0 4 _aماركس، كارل
650 0 4 _aالسياسة - مذاهب
942 _2ddc
_cBK
999 _c40852
_d40852